000 00928pam a22002654a 4500
001 4036717
005 20180228091118.0
008 981223s1999 ne b 001 0 eng
010 _a 98055950
020 _a9027217785 (Eur. : alk. paper)
020 _a1556198329 (U.S.) : alk. paper)
040 _aDLC
_cDLC
_dDLC
041 _aeng
042 _apcc
080 _a371.72 MIL
082 0 0 _a371.72 MIL
_221
100 _a25
101 _aEDU
245 0 0 _aAction research :
_cedited by Davydd J. Greenwood.
504 _aIncludes bibliographical references (p. [259]-271) and indexes.
906 _a7
_bcbc
_corignew
_d1
_eocip
_f19
_gy-gencatlg
942 _2ddc
_cBK
999 _c43730
_d43730